|
|
|
|
| LEADER |
00000nam a2900000 4500 |
| 001 |
000076442 |
| 005 |
20141114110900.0 |
| 008 |
980912s1992 mx gr 000 0 spa d |
| 020 |
|
|
|a 9681639456
|
| 040 |
|
|
|a MX-MxUAM
|c UAMI
|
| 041 |
1 |
|
|a spa
|h eng
|
| 050 |
|
4 |
|a HM66 M4.18
|b 1992
|
| 090 |
|
|
|a HM66 M4.18
|b 1992
|
| 100 |
1 |
|
|a Merton, Robert King,
|d 1910-
|
| 240 |
1 |
0 |
|a Social theory and social structure.
|l Español.
|
| 245 |
1 |
0 |
|a Teoría y estructura sociales /
|c Robert K. Merton ; traducción de Florentino M. Torner y Rufina Borques.
|
| 250 |
|
|
|a 3a ed.
|
| 260 |
|
|
|a México :
|b Fondo de Cultura Económica,
|c 1992.
|
| 300 |
|
|
|a 774 p. ;
|c 24 cm.
|
| 440 |
|
0 |
|a Obras de Sociología
|
| 500 |
|
|
|a Traducción de: Social theory and social structure.
|
| 650 |
|
4 |
|a Sociología
|
| 700 |
1 |
|
|a Torner, Florentino M.,
|e tr
|
| 700 |
1 |
|
|a Borques, Rufina,
|e tr
|
| 905 |
|
|
|a LIBROS
|
| 938 |
|
|
|c CSH
|
| 949 |
|
|
|a Biblioteca UAM Iztapalapa
|b Colección General
|c HM66 M4.18 1992
|